000
00326nam a2200145Ia 4500
008
230718s9999 xx 000 0 und d
041
_a
Eng.
082
_a
305.32
_b
BEA-M
100
_a
Beale BoB
245
0
_a
Med from some age
260
_a
Pakistan
_b
Oxford in Press
_c
2001
300
_a
396
650
_a
Law
999
_c
26086
_d
26086